| 000 | 00000nam##2200000za#4500 |
| 001 | 9.607227 |
| 003 | CaOODSP |
| 005 | 20210624213024 |
| 007 | cr ||||||||||| |
| 008 | 150406|2008||||xxc|||||o f|0| 0 fre|d |
| 022 | |a1488-5468 |
| 040 | |aCaOODSP|bfre |
| 043 | |an-cn--- |
| 086 | 1 |aFs97-4/2835F-PDF |
| 110 | 1 |aCanada. |bMinistère des pêches et des océans. |
| 245 | 10|aRapport d'ensemble de l'écosystème de la Tabusintac au Nouveau-Brunswick / |h[ressource électronique]|cpar R. Friolet, A. Turcotte-Lanteigne et S. Bastien-Daigle. |
| 260 | |aMoncton - Nouveau-Brunswick : |bPêches et Océans Canada |c2008. |
| 300 | |a86p.|bfigures en couleur, références, tableaux |
| 490 | 1 |aRapport manuscrit canadien des sciences halieutiques et aquatiques|x1488-5468|vN° 2235 |
| 500 | |aFichier reproduit à partir de l'original imprimé. Sur la p. de t. : Région du golfe, Moncton, (N.-B.). Le numéro de catalogue et l'ISSN de l'édition imprimée apparaissent dans la version PDF. |
| 546 | |a(Abstracts in English). |
| 590 | |a14-14-Supp|b2014-07-24 |
| 720 | 1 |aFriolet, R. |
| 720 | 1 |aTurcotte-Lanteigne, A. |
| 720 | 1 |aBastien-Daigle, S. |
| 776 | 0#|tRapport d'ensemble de l'écosystème de la Tabusintac au Nouveau-Brunswick / |w(CaOODSP)9.627769 |
| 830 | #0|aRapport manuscrit canadien des sciences halieutiques et aquatiques,|x1488-5468|vN° 2235|w(CaOODSP)9.501611 |
| 856 | 40|ahttp://publications.gc.ca|qPDF|s2288 Ko|uhttps://publications.gc.ca/collections/collection_2014/mpo-dfo/Fs97-4-2835-fra.pdf|yN° 2235 |